<?xml version="1.0" encoding="UTF-8"?>
<collection xmlns="http://www.loc.gov/MARC21/slim">
  <record>
    <leader>00000nam  2200000   4500</leader>
    <controlfield tag="001">INLIS000000000810053</controlfield>
    <controlfield tag="005">20251014092025</controlfield>
    <datafield tag="035" ind1="#" ind2="#">
      <subfield code="a">0010-1025000036</subfield>
    </datafield>
    <controlfield tag="007">ta</controlfield>
    <controlfield tag="008">251014###########################0#ara##</controlfield>
    <datafield tag="020" ind1="#" ind2="#">
      <subfield code="a">978-2-7451-3210-0</subfield>
    </datafield>
    <datafield tag="082" ind1="#" ind2="#">
      <subfield code="a">297.124</subfield>
    </datafield>
    <datafield tag="084" ind1="#" ind2="#">
      <subfield code="a">R 297.124 ABU s</subfield>
    </datafield>
    <datafield tag="245" ind1="#" ind2="#">
      <subfield code="a">Sunan Abu Daud /</subfield>
      <subfield code="c">Imam Abu Daud Sulaiman bin al Asy‘ats as Sijistani</subfield>
    </datafield>
    <datafield tag="260" ind1="#" ind2="#">
      <subfield code="a">Beirut, Lebanon :</subfield>
      <subfield code="b">Darul Kutub al Ilmiyyah (DKI)</subfield>
    </datafield>
    <datafield tag="300" ind1="#" ind2="#">
      <subfield code=";"/>
      <subfield code="c">24 cm</subfield>
    </datafield>
    <datafield tag="520" ind1="#" ind2="#">
      <subfield code="a">Salah satu dari Kutubus Sittah (enam kitab hadis utama). Menghimpun lebih dari 4.800 hadis yang sebagian besar berkaitan dengan hukum dan amalan. Dihimpun secara tematik menurut bab-bab fikih.</subfield>
    </datafield>
    <datafield tag="600" ind1="#" ind2="4">
      <subfield code="a">Hadis ; Hukum Islam ; Sunnah Nabi Muhammad</subfield>
    </datafield>
  </record>
</collection>
